Statistiques concernant Circonscriptions législatives de la région Auvergne-Rhône-Alpes sur une carte

Cliquez ici pour prendre le quiz!

Statistiques générales

  • Ce quiz a été pris 69 fois
  • Le résultat moyen est 50 sur 64

Réponses sur la Carte

Les réponses sont colorées sur une échelle allant du rouge au vert en fonction du pourcentage des utilisateurs qui les ont devinées à leur premier essai. Vous pouvez retrouver ces pourcentages ci-dessous.
 

Statistiques - réponses

NuméroCantons inclus dans la circonscription% Correct
4Aubière, Clermont-Ferrand Sud-Est, Issoire, Jumeaux, Saint-Germain-Lembron, Sauxillanges, Vertaizon, Veyre-Monton, Vic-le-Comte, Pérignat-sur-Allier
100%
2Lyon I, Lyon II, Lyon III, Lyon IV
100%
1Lyon I, Lyon IV, Lyon V, Lyon X, Lyon XII
100%
3Lyon VIII, Lyon IX, Lyon X, Lyon XII, Lyon XIV
100%
4Lyon VI, Lyon VII, Lyon XI, Lyon XIII, Lyon XIV
100%
7Beaurepaire, La Côte-Saint-André, Le Grand-Lemps, Roussillon, Roybon, Saint-Etienne-de-Saint-Geoirs, Saint-Jean-de-Bournay, Virieu
98%
3Antraigues, Aubenas, Burzet, Coucouron, Joyeuse, Largentière, Montpezat-sous-Bauzon, Saint-Etienne-de-Lugdarès, Thueyts, Valgorge, Vallon-Pont-d'Arc, Vals-les-Bains, Les Vans, Villeneuve-de-Berg
97%
3Ardes, Beaumont, Besse-et-Saint-Anastaise, Chamalières, Champeix, Clermont-Ferrand Ouest, Clermont-Ferrand Sud-Ouest, Rochefort-Montagne, Royat, Saint-Amant-Tallande, Tauves, La Tour-d'Auvergne
97%
1Clermont-Ferrand Centre, Clermont-Ferrand Est, Clermont-Ferrand Nord, Clermont-Ferrand Nord-Ouest, Clermont-Ferrand Sud, Cournon-d'Auvergne, Gerzat, Montferrand
97%
3Fontaine-Sassenage, Grenoble III, Grenoble V, Grenoble VI
97%
1Grenoble I, Grenoble II, Grenoble IV, Meylan, Saint-Ismier
97%
1Saint-Etienne Nord-Est I, Saint-Etienne Nord-Est II, Saint-Etienne Nord-Ouest I, Saint-Etienne Nord-Ouest II
97%
2Saint-Etienne Sud-Est I, Saint-Etienne Sud-Est II, Saint-Etienne Sud-Est III, Saint-Etienne Sud-Ouest I, Saint-Etienne Sud-Ouest II
97%
2Aigueperse, Bourg-Lastic, Combronde, Herment, Manzat, Menat, Montaigut, Pionsat, Pontaumur, Pontgibaud, Randan, Riom Est, Riom Ouest, Saint-Gervais-d'Auvergne
95%
2Aime, Albertville Nord, Albertville Sud, Beaufort, Bourg-Saint-Maurice, Bozel, Moûtiers, Ugine
95%
2Alby-sur-Chéran, Annecy Centre, Annecy Nord-Est, Faverges, Seynod, Thônes
95%
1Annecy Nord-Ouest, Annecy-le-Vieux, Rumilly, Thorens-Glières
95%
1Bourg-lès-Valence, Tain-l'Hermitage, Valence I, Valence II, Valence III, Valence IV
95%
4Bourg-Argental, Le Chambon-Feugerolles, Firminy, Pélussin, Saint-Genest-Malifaux, Saint-Bonnet-le-Château, Saint-Just-Saint-Rambert, Saint-Jean-Soleymieux
93%
4Bourg-de-Péage, Le Grand-Serre, Romans-Isère I, Romans-sur-Isère II, Saint-Donat-sur-l'Herbasse, Saint-Vallier
93%
1Bourg-Saint-Andéol, Le Cheylard, Chomérac, Privas, Rochemaure, Saint-Martin-de-Valamas, Saint-Pierreville, Vernoux-en-Vivarais, Viviers, La Voulte-sur-Rhône
93%
1Arpajon-sur-Cère, Aurillac I, Aurillac II, Aurillac III, Aurillac IV, Jussac, Laroquebrou, Maurs, Montsalvy, Saint-Cernin, Saint-Mamet-la-Salvetat, Vic-sur-Cère
92%
4Bâgé-le-Châtel, Bourg-en-Bresse Sud, Chalamont, Châtillon-sur-Chalaronne, Péronnas, Pont-de-Veyle, Saint-Trivier-sur-Moignans, Thoissey, Villars-les-Dombes
92%
1Bourg-en-Bresse Est, Bourg-en-Bresse Nord-Centre, Ceyzériat, Coligny, Montrevel-en-Bresse, Pont-d'Ain, Pont-de-Vaux, Saint-Trivier-de-Courtes, Treffort-Cuisiat, Viriat
92%
4Chambéry Est, Chambéry Nord, Chambéry Sud, Chambéry Sud-Ouest, Le Châtelard, Cognin, Grésy-sur-Isère, Saint-Alban-Leysse, Saint-Pierre-d'Albigny
92%
4Le Bourg-d'Oisans, Clelles, Corps, Fontaine-Seyssinet, Mens, Monestier-de-Clermont, La Mure, Valbonnais, Vif, Villard-de-Lans
92%
12Irigny, Oullins, Sainte-Foy-lès-Lyon, Tassin-la-Demi-Lune
90%
2Allègre, Auzon, Blesle, Brioude Nord, Brioude Sud, Cayres, La Chaise-Dieu, Craponne-sur-Arzon, Langeac Lavoûte-Chilhac, Loudes, Paulhaguet, Pinols, Pradelles, Le Puy Nord, Le Puy Ouest, Le Puy Sud-Ouest, Saint-Paulien, Saugues, Solignac-sur-Loire
89%
1Aurec-sur-Loire, Bas-en-Basset, Fay-sur-Lignon, Le Monastier-sur-Gazeille, Monistrol-sur-Loire, Montfaucon-en-Velay, Le Puy Est, Le Puy Sud-Est, Retournac, Saint-Didier-en-Velay, Saint-Julien-Chapteuil, Sainte-Sigolène, Tence, Vorey, Yssingeaux
89%
5Belmont-de-la-Loire, Charlieu, La Pacaudière, Perreux, Roanne Nord, Roanne Sud, Saint-Haon-le-Châtel, Saint-Just-en-Chevalet, Saint-Symphorien-de-Lay
87%
3Cusset Nord, Cusset Sud, Le Donjon, Escurolles, Gannat, Jaligny-sur-Besbre, Lapalisse, Le Mayet-de-Montagne, Vichy Nord, Vichy Sud
87%
1Bourbon-l'Archambault, Chevagnes, Chantelle, Dompierre-sur-Besbre, Le Montet, Lurcy-Lévis, Moulins Ouest, Moulins Sud, Neuilly-le-Réal, Saint-Pourçain-sur-Sioule, Souvigny, Varennes-sur-Allier, Yzeure
85%
6Villeurbanne Centre, Villeurbanne Nord, Villeurbanne Sud
84%
5Abondance, Le Biot, Douvaine, Evian-les-Bains, Thonon-les-Bains Est, Thonon-les-Bains Ouest
82%
2Loriol-sur-Drôme, Marsanne, Montélimar I, Montélimar II, Pierrelatte, Portes-lès-Valence
82%
2Allanche, Champs-sur-Tarentaine-Marchal, Chaudes-Aigues, Condat, Massiac, Mauriac, Murat, Pierrefort, Pleaux, Riom-ès-Montagnes, Ruynes-en-Margeride, Saignes, Saint-Flour Nord, Saint-Flour Sud, Salers
79%
4Annemasse Nord, Annemasse Sud, Frangy, Saint-Julien-en-Genevois, Seyssel
79%
8Heyrieux, Vienne Nord, Vienne Sud, Assieu, Auberives-sur-Varèze, Cheyssieu, Clonas-sur-Varèze, Saint-Alban-du-Rhône, Saint-Clair-du-Rhône, Saint-Maurice-l'Exil, Saint-Prim, Vernioz
79%
2Cérilly, Commentry, Domérat-Montluçon Nord-Ouest, Ebreuil, Hérisson, Huriel, Marcillat-en-Combraille, Montluçon Est, Montluçon Nord-Est, Montluçon Ouest, Montluçon Sud, Montmarault
77%
5Ambérieu-en-Bugey, Brénod, Champagne-en-Valromey, Hauteville-Lompnes, Izernore, Lhuis, Nantua, Oyonnax Nord, Oyonnax Sud, Poncin, Saint-Rambert-en-Bugey, Virieu-le-Grand
74%
9Anse, Beaujeu, Belleville, Monsols, Villefranche-sur-Saône
74%
6Chamonix-Mont-Blanc, Cluses, Saint-Gervais-les-Bains, Sallanches, Samoëns, Scionzier, Taninges
74%
5Ambert, Arlanc, Billom, Châteldon, Courpière, Cunlhat, Ennezat, Lezoux, Maringues, Olliergues, Pont-du-Château, Saint-Amant-Roche-Savine, Saint-Anthème, Saint-Germain-l'Herm, Saint-Dier-d'Auvergne, Saint-Rémy-sur-Durolle, Thiers, Viverols
72%
2Annonay Nord, Annonay Sud, Lamastre, Saint-Agrève, Saint-Félicien, Saint-Péray, Satillieu, Serrières, Tournon
72%
10Bourgoin-Jallieu Sud, L'Isle-d'Abeau, Le Pont-de-Beauvoisin, La Tour-du-Pin, La Verpillière
70%
6Boën, Chazelles-sur-Lyon, Feurs, Montbrison, Néronde, Noirétable, Saint-Galmier, Saint-Georges-en-Couzan, Saint-Germain-Laval
69%
3Bourdeaux, Buis-les-Baronnies, Chabeuil, La Chapelle-en-Vercors, Châtillon-en-Diois, Crest Nord, Crest Sud, Die, Dieulefit, Grignan, Luc-en-Diois, La Motte-Chalancon, Nyons, Rémuzat, Saillans, Saint-Jean-en-Royans, Saint-Paul-Trois-Châteaux, Séderon, Ambonil
69%
14Saint-Fons, Vénissieux Nord, Vénissieux Sud, Saint-Priest
67%
7Bron, Rillieux-la-Pape, Vaulx-en-Velin
62%
3Bellegarde-sur-Valserine, Belley, Collonges, Ferney-Voltaire, Gex, Seyssel
59%
2Echirolles Est, Echirolles Ouest, Eybens, Saint-Martin-d'Hères Nord, Saint-Martin-d'Hères Sud, Vizille
59%
3Aiguebelle, La Chambre, Chamoux-sur-Gelon, Lanslebourg-Mont-Cenis, Modane, Montmélian, La Ravoire, La Rochette, Saint-Jean-de-Maurienne, Saint-Michel-de-Maurienne
57%
1Aix-les-Bains Centre, Aix-les-Bains Nord-Grésy, Aix-les-Bains Sud, Albens, Les Echelles, La Motte-Servolex, Le Pont-de-Beauvoisin, Ruffieux, Saint-Genix-sur-Guiers, Yenne
54%
13Décines-Charpieu, Meyzieu, Saint-Priest
54%
11Condrieu, Givors, Mornant, Saint-Symphorien-d'Ozon
51%
3La Grand-Croix, Rive-de-Gier, Saint-Chamond Nord, Saint-Chamond Sud, Saint-Héand
51%
6Bourgoin-Jallieu Nord, Crémieu, Morestel, Pont-de-Chéruy
48%
9Pont-en-Royans, Rives, Saint-Marcellin, Tullins, Vinay, Voiron
48%
3Boëge, Bonneville, Cruseilles, Reignier, La Roche-sur-Foron, Saint-Jeoire
46%
8Amplepuis, L'Arbresle, Le Bois-d'Oingt, Ecully, Lamure-sur-Azergues, Tarare, Thizy
41%
5Caluire-et-Cuire, Limonest, Neuville-sur-Saône
38%
2Lagnieu, Méximieux, Miribel, Montluel, Reyrieux, Trévoux
28%
10Saint-Genis-Laval, Saint-Laurent-de-Chamousset, Saint-Symphorien-sur-Coise, Vaugneray
26%
5Allevard, Domène, Goncelin, Saint-Egrève, Saint-Geoirs-en-Valdaine, Saint-Laurent-du-Pont, Le Touvet, Chamrousse
25%

Distribution des résultats

Percentile par nombre de réponses

% des personnes avec chaque résultat

Votre développement - résultats

Vous n’avez pas pris ce quiz